书目信息 |
| 题名: |
《现代汉语》学习辅导与习题集
|
|
| 作者: | 李军 编写 | |
| 分册: | ||
| 出版信息: | 济南 齐鲁书社 2006.04 |
|
| 页数: | 162页 | |
| 开本: | 23cm | |
| 丛书名: | 高等学校考研文科经典教材配套辅导丛书 | |
| 单 册: | ||
| 中图分类: | H109.4 | |
| 科图分类: | ||
| 主题词: | 汉语--han yu--现代--习题集 | |
| 电子资源: | ||
| ISBN: | 7-5333-1597-9 | |
| 000 | 00917nam 2200241 450 | |
| 001 | 012007122534 | |
| 005 | 20070521092812.65 | |
| 010 | @a7-5333-1597-9@dCNY18.90 | |
| 100 | @a20070310d2006 km y0chiy0120 ea | |
| 101 | 0 | @achi |
| 102 | @aCN@b370000 | |
| 105 | @ay z 000yy | |
| 200 | 1 | @a《现代汉语》学习辅导与习题集@A《xian dai han yu》xue xi fu dao yu xi ti ji@f李军编写@Fli jun bian xie |
| 210 | @a济南@c齐鲁书社@d2006.04 | |
| 215 | @a162页@d23cm | |
| 225 | 2 | @a高等学校考研文科经典教材配套辅导丛书@Agao deng xue xiao kao yan wen ke jing dian jiao cai pei tao fu dao cong shu |
| 330 | @a本书分为现代汉语知识提要和现代汉语习题与答案两大部分。其中包括语音、文字、词汇、语法、修辞等习题与答案。 | |
| 410 | 0 | @12001 @a高等学校考研文科经典教材配套辅导丛书 |
| 606 | 0 | @a汉语@Ahan yu@y现代@j习题集 |
| 690 | @aH109.4@v4 | |
| 701 | 0 | @a李军@Ali jun@4编写 |
| 801 | 0 | @aCN@c20070521 |
| 905 | @a10447@dH109.4@eL185 | |
| 《现代汉语》学习辅导与习题集/李军编写.-济南:齐鲁书社,2006.04 |
| 162页;23cm.-(高等学校考研文科经典教材配套辅导丛书) |
| ISBN 7-5333-1597-9:CNY18.90 |
| 本书分为现代汉语知识提要和现代汉语习题与答案两大部分。其中包括语音、文字、词汇、语法、修辞等习题与答案。 |
| ● |
| 相关链接 |
|
|
|
正题名:《现代汉语》学习辅导与习题集
索取号:H109.4/L185
 
预约/预借
| 序号 | 登录号 | 条形码 | 馆藏地/架位号 | 状态 | 备注 |
| 1 | 236848 | 202368482 | 数理学院资料室/ [索取号:H109.4/L185] | 在馆 | |
| 2 | 236849 | 202368491 | 数理学院资料室/ [索取号:H109.4/L185] | 在馆 | |
| 3 | 236850 | 202368507 | 语言库209/209语言库 70排3列2层/ [索取号:H109.4/L185] | 在馆 |